000 00281nam a22001337a 4500
008 181009b xxu||||| |||| 00| 0 eng d
020 _a9780072320411
041 _aeng
080 _a579
100 _a11
101 _aMIKB
245 _aMicrobiology
_cPrescott
942 _2udc
_cBK
999 _c49113
_d49113